000 00591nam a2200193Ia 4500
003 GCL
008 140319s9999 xx 000 0 ara d
040 _aGCL /
_cGCL
082 0 4 _a657.836
_bخ م
100 1 _aخيرت ضيف
245 1 0 _aمحاسبة المنشأت المالية فى محاسبة شركات التأمين /
_cخيرت ضيف
300 _a152 ص
490 _aكتاب
_v0
650 0 4 _aمراجعة الحسابات
650 0 4 _aالمحاسبة
650 0 4 _aشركات التامين
650 0 4 _aشركات التأمين - محاسبة
942 _2ddc
_cBK
999 _c42024
_d42024